| 000 | 02973nam0a2200445 4500 | ||
|---|---|---|---|
| 001 | RU\NLR\bibl\1423753 | ||
| 005 | 20260407210119.0 | ||
| 010 |
_a978-5-8388-0073-2 _9296 |
||
| 021 |
_aRU _b2009-64218 _93960 |
||
| 035 | _a(NLR Aleph) 001415683 | ||
| 090 |
_a1310523 _c1310523 |
||
| 100 | _a20091014d2009 |||y0rusy50 ca | ||
| 101 | 0 |
_arus _aeng _erus _eeng |
|
| 102 | _aRU | ||
| 105 | _ay ||||||||| | ||
| 200 | 1 |
_aСправочник терминов по общей микробиологии, вирусологии и иммунологии _dManual of terms on basic microbiology, virology and immunology _eучебное пособие для студентов медицинской академии, в том числе иностранных граждан, обучающихся с помощью языка-посредника _eдля студентов, обучающихся по специальностям: 060101 - лечебное дело, 060103 - педиатрия, 060105 - стоматология, 060108 - фармация, 060109 - сестринское дело _fГОУ ВПО Твер. ГМА Росздрава, Каф. микробиологии, вирусологии и иммунологии _g[авт.-сост.: Е. Н. Егорова и др.] _gпод ред. проф. В. М. Червинца _zeng |
|
| 210 |
_aТверь _cРИЦ ТГМА _d2009 |
||
| 215 |
_a103 с. _d29 |
||
| 300 | _aТекст парал. на рус. и англ. яз. | ||
| 320 | _aПредм. указ.: с. 85-94 | ||
| 510 | 1 |
_aManual of terms on basic microbiology, virology and immunology _zeng |
|
| 606 | 1 |
_aМикробиология _jСправочники _xТерминология _92238356 _3RU\NLR\auth\661343231 |
|
| 606 | 1 |
_aВирусология _jСправочники _xТерминология _92573260 _3RU\NLR\auth\661521605 |
|
| 606 | 1 |
_aИммунология _jСправочники _xТерминология _91207717 _3RU\NLR\auth\66489903 |
|
| 606 | 1 |
_aАнглийский язык _jСправочники _xТерминология микробиологии _9969435 _3RU\NLR\auth\6644501 |
|
| 686 | _aР26я2 | ||
| 686 | _aР252.325я2 | ||
| 686 | _aЕ4в3 | ||
| 686 | _aЕ491в3 | ||
| 686 | _aШ143.21-34я2 | ||
| 702 | 1 |
_4220 _8rus _7ca _aЕгорова _bЕ. Н. _cд-р мед. наук, микробиолог _gЕлена Николаевна _3RU\NLR\AUTH\7735455 _918452 |
|
| 702 | 1 |
_aЧервинец _bВ. М. _gВячеслав Михайлович _4340 |
|
| 712 | 0 | 2 |
_4570 _aТверская государственная медицинская академия _bКафедра микробиологии, вирусологии и иммунологии _3RU\NLR\AUTH\8810138646 _9772572 |
| 801 | 0 |
_aRU _bNLR _c20091014 _gRCR |
|
| 801 | 1 |
_aRU _bNLR _c20091014 |
|
| 942 | _cBOOK | ||
| 980 | _aNB | ||
| 980 | _aNBR | ||